Search the Library Catalogue
| 000 -LEADER | |
|---|---|
| fixed length control field | 02165nam a2200205 4500 |
| 008 - FIXED-LENGTH DATA ELEMENTS--GENERAL INFORMATION | |
| fixed length control field | 241126b |||||||| |||| 00| 0 eng d |
| 020 ## - INTERNATIONAL STANDARD BOOK NUMBER | |
| ISBN | 9780749482145 |
| Paper back/Hardbound | pbk |
| 041 ## - LANGUAGE CODE | |
| Language code of text/sound track or separate title | eng |
| 082 ## - DEWEY DECIMAL CLASSIFICATION NUMBER | |
| Classification number | 658.7 |
| Item number | DEN |
| 100 ## - MAIN ENTRY--AUTHOR NAME | |
| Personal name | Dent, Julian |
| 245 ## - TITLE STATEMENT | |
| Title | Sales and marketing channels |
| Sub Title | : how to build and manage distribution strategy |
| Statement of responsibility, etc | / Julian Dent, Michael White. |
| 250 ## - EDITION STATEMENT | |
| Edition statement | 3rd ed. |
| 260 ## - PUBLICATION, DISTRIBUTION, ETC. (IMPRINT) | |
| Place of publication | London |
| Name of publisher | Kogan Page |
| Year of publication | 2018 |
| 300 ## - PHYSICAL DESCRIPTION | |
| Number of Pages | xiii, 364 p. |
| Other physical details | : ill. |
| Dimensions | ; 24 cm |
| 504 ## - BIBLIOGRAPHY, ETC. NOTE | |
| Bibliography, etc | Includes bibliographies and index |
| 520 ## - SUMMARY, ETC. | |
| Summary, etc | Unprecedented upheavals in routes-to-market are challenging businesses of all types. Products are becoming services, online and offline channels are integrating, and new distribution channels are dictating terms to producers. The third edition of Distribution Channels re-positions itself as Sales and Marketing Channels, placing market access at the heart of business and marketing strategy. This global bestseller delivers a rational economic framework to analyze, plan and manage profitable channels to market. It addresses emerging business models and buying behaviours with practical steps, ensuring maximum leverage of channel partners at every stage of the go-to-market process. Sales and Marketing Channels, a fully-revised third edition, takes a multi-sector approach with an entire new series of specialist sections for application to any business. This efficient structure extracts tangible commercial value from partner relationships, integrating innovative case studies like AirBNB, the largest seller of rooms without ownership of any; Transferwise, the peer-to-peer Forex; plus the rise of online retailers like Amazon and ASOS versus the decline of traditional stores like Macy's or BHS. Updates include the impact of cloud technology, advancing consumer channels, monetizing the distribution of intellectual property and the evolving 'gig economy', led by Uber and Deliveroo. Often referred to as the "Place" P in the marketing mix, this book and its host of downloadable resources are an essential toolkit for strategizing new and existing routes to market |
| 650 ## - SUBJECT ADDED ENTRY--TOPICAL TERM | |
| Topical Term | Business planning. |
| 700 ## - ADDED ENTRY--PERSONAL NAME | |
| Personal name | White, Michael |
| 942 ## - ADDED ENTRY ELEMENTS (KOHA) | |
| Koha item type | Reference |
| Withdrawn status | Lost status | Damaged status | Not for loan | Home library | Current library | Shelving location | Date acquired | Cost, normal purchase price | Full call number | Accession Number | Price effective from | Koha item type |
|---|---|---|---|---|---|---|---|---|---|---|---|---|
| Anna Centenary Library | Anna Centenary Library | 6TH FLOOR, B WING | 02.08.2024 | 4615.00 | 658.7 DEN | 697478 | 26.11.2024 | Reference |